00876 a2200181 450000500170000002000220001708200110003910000150005024500530006525000110011826000240012930000540015394200130020799900150022095201530023595201530038895201530054120250623071945.0 a978-1-4462-4918-5 a300.28 aFIELD,Andy aDiscovering Statistics using IBM SPSS Statistics a4th ed aLondonbSage c2013 axxxii,915p,;ill,Figure,picturebReferencesc27CM. 2ddccBKS c4585d4585 r2025-06-23 07:27:04l0o300.28 FIEpMZA0001756v150000.00w2024-06-23yBKS102ddc407000a003b003cSPECIALd2024-06-17eLibrary Budgetg50000.00 r2025-06-23 07:27:04l0o300.28 FIEpMZA0001757v150000.00w2024-06-23yBKS102ddc407000a003b003cSPECIALd2024-06-17eLibrary Budgetg50000.00 r2025-06-23 07:27:04l0o300.28 FIEpMZA0001758v150000.00w2024-06-23yBKS102ddc407000a003b003cSPECIALd2024-06-17eLibrary Budgetg50000.00